[Event "George Marx Memorial 3rd"]
[Site "Paks"]
[Date "2005.06.15"]
[Round "4"]
[White "Kortschnoj, Viktor Lvovich"]
[Black "Sutovsky, Emil"]
[Result "1-0"]
[WhiteElo "2619"]
[BlackElo "2665"]
[Annotator "Marin,M"]
[PlyCount "135"]
[EventDate "2005.06.12"]
[EventType "tourn"]
[EventRounds "10"]
[EventCountry "HUN"]
[EventCategory "15"]
[SourceTitle "CBM 108"]
[Source "ChessBase"]
[SourceDate "2005.09.26"]
[SourceVersion "1"]
[SourceVersionDate "2005.09.26"]
[SourceQuality "1"]

1. c4 Nf6 2. g3 {Kortschnoj constantly used this move order more than... half
a century ago. Current theory considers that this is too straightforward a way
to Catalan structures. However, I tend to trust the opening choice of the
World's most experienced top-class player and believe that White has
reasonable chances for a normal, sligthly better, position.} c6 {This is
precisely the move that is supposed to "refute" White's move order.} 3. Nf3 $5
{A well-timed move.} ({In case of} 3. Bg2 d5 {the threat against the c4-pawn
is real. In what can now be considered a historical game, the young Kortschnoj
continued against the World Champion with} 4. Qc2 ({In case of} 4. b3 {Black
has no real reasons to refrain from} dxc4 5. bxc4 Qd4 {winning a pawn}) 4... e5
5. d3 h6 6. Nf3 Bd6 7. O-O O-O 8. e4 dxe4 9. dxe4 c5 10. Nc3 Nc6 11. Be3 Nd4 {
Kortschnoj,V-Botvinnik,M/Moscow 1952/URS-ch (42) and Black was definitely not
worse.}) 3... d5 4. b3 Bg4 5. Ne5 $5 {This is Kortschnoj's modernized
treatment of the ancient opening.} ({In case of} 5. Bg2 Nbd7 (5... Bxf3 $6 6.
Bxf3 dxc4 $6 7. bxc4 Qd4 $6 {doesn't work now because of the weakness of the
b7-pawn which becomes obvious after} 8. Qb3 $1 Qxa1 9. Qxb7 $16) 6. Bb2 e6 {
Black is supposed to be doing fine}) 5... Bf5 ({To a certain extent, this
looks like a loss of time, although White will almost surely have to invest a
further tempo in his central but sligthly instable knight. Personally, I would
prefer the other retreat of the bishop, namely} 5... Bh5 {However, this is an
entirely different chapter and I only include a game of certain historical
interest:} 6. Bb2 Nbd7 7. Nxd7 (7. d4 $5 {might be more consistent}) 7... Qxd7
8. Bg2 e6 9. O-O Bd6 10. d3 Qe7 {By posing the positional threat of Ba3, Black
inhibits the development of the white remaining knight.} 11. Qc2 O-O 12. e4 (
12. a3 $5 a5 $140 13. Nd2) 12... dxe4 13. dxe4 Bc5 14. Nd2 Rad8 15. e5 Ng4 16.
Ne4 Bg6 17. Qe2 Bxe4 18. Bxe4 Qg5 19. Bc3 f5 20. exf6 Nxf6 21. Bf3 Qf5 22. Kg2
Bd4 23. Bxd4 Rxd4 24. Rfe1 Re8 {1/2-1/2 Reti,R-Torre Repetto,C/Moscow 1925/HCL
(44) Black's stability on dark squares compensates for the minor pawn weakness.
}) 6. Bg2 Nbd7 7. d4 e6 8. O-O Bd6 9. Bb2 {Play is focused on the elimination/
consolidation of the e5-knight.} Qc7 {The continuation of the same policy.} ({
However, the more neutral} 9... O-O {has been more popular in practice so far.}
10. Nd2 Qe7 {[%cal Yd6a3] This move aims for more natural development and
creates the unpleasant positional threat Ba3.} (10... Qc7 11. Nxd7 (11. Nd3 $5)
11... Qxd7 12. f3 $5 {Since Black has lost some tempi (Bc8-g4-f5, Qd8-c7xd7)
such an ambitious central action seem to be justified.} Bg6 13. e4 dxe4 14.
fxe4 e5 15. Nf3 $1 (15. d5 $6 Bc5+ 16. Kh1 Ng4 17. Qe2 Ne3 $19) 15... Nxe4 16.
Nxe5 Bxe5 17. dxe5 Rad8 18. Qxd7 Rxd7 19. Rfe1 Ng5 (19... Nc5 $6 20. Ba3 Nd3
21. Re3 Re8 22. Rd1) 20. Rad1 Rfd8 21. Rd6 Bh5 22. Re3 Ne6 23. Ba3 $6 {White
choses the wrong move order.} (23. Red3 $1 Rxd6 24. exd6 {/\ Ba3, c5} Rd7 {><b7
} 25. Ba3 c5 $6 26. Rd5 $16) 23... c5 24. Red3 Rxd6 25. exd6 b6 {Now, Black is
in time to rearrange his queen side pawns without the necessity of losing a
tempo with ...Rd7.} 26. Bb2 (26. b4 Be2 $1) 26... f6 27. h4 Kf7 28. Kf2 Bg6 29.
Rd2 Bf5 30. a3 a5 {1/2-1/2 Romanovsky,P-Botvinnik,M/Leningrad 1930/EXT 99/
[ChessBase] (41) Black has managed to consolidate and has little to fear.}) 11.
Qc1 (11. a3 Rfd8 12. Qc1 (12. Ndf3 Be4 13. b4 dxc4 {1/2-1/2 Azmaiparashvili,Z 
(2610)-Kramnik,V (2590)/Dortmund 1992/CBM 029 was a uneventful draw.}) 12... a5
13. Ndf3 h6 (13... Be4 14. Bh3 Bf5 $140 15. g4) 14. Qe3 c5 $2 (14... Be4 15.
Bh3 c5 $5) 15. Nxd7 Nxd7 16. Nh4 $1 $16 {1-0 Granda Zuniga,J (2420)-Kirov,N 
(2485)/Cienfuegos 1986/MCL (37)}) ({In case of} 11. Nxd7 {Black is not forced
to transpose to the previous line by capturing with the queen but can continue
with} Nxd7 {maintaining the positional threat of exchanging the dark squared
bishops.} 12. e4 dxe4 13. Nxe4 Ba3 $11) 11... Rac8 12. Re1 Rfd8 13. Nxd7 Qxd7
14. e4 dxe4 15. Nxe4 Nxe4 16. Bxe4 Bxe4 17. Rxe4 Be7 18. Qc2 Bf6 19. Bc3 (19.
a4 $5) 19... Qe7 (19... b5 $5) 20. a4 Rd7 21. Rae1 Rcd8 22. Qb2 {It is hard to
say whether in such a position the white centre is a strength or a weakness.
With more minor pieces left on board Black would have had problems
coordinating his forces, but the way it is he can organize effective pressure
against the d4-pawn. It is White who should look for ways of maintaining the
balance even by tactical means.} g6 (22... Qe8 $6 23. Rf4 $1 {[%csl Yf6,Yg7]})
23. h4 Qe8 24. h5 (24. Rf4 Bg7 25. g4 Rd6 26. g5 Qd7 27. Ree4 c5 $1 28. dxc5
Rd1+ 29. Kg2 Qd3 $40) 24... Rd6 25. hxg6 hxg6 26. Kg2 Qd7 27. Rh1 Bxd4 28. Rxd4
$2 (28. Qd2 $1 Bxc3 (28... f6 29. Reh4 $18) 29. Qxc3 Rd4 30. Reh4 Kf8 31. Qe3
Rxh4 32. Rxh4 $44) 28... Rxd4 29. Qd2 f6 $1 $17 {0-1 Masic,L-Hort,V/Sombor
1968/EXT 99 (41)}) 10. Nd3 $146 {Kortschnoj avoids the exchange of pieces on
general grounds, since he has some more space. However, in doing so he will
allow his opponent a very energetical action.} (10. Nxd7 Qxd7 11. Nc3 (11. Nd2
O-O 12. f3 {would have transposed to the game Romanovsky-Botwinnik.}) 11... O-O
12. e3 Rfe8 13. Qe2 Rad8 14. Rad1 Qe7 15. e4 dxe4 16. Nxe4 Nxe4 17. Bxe4 Qg5 {
Black is figthing for space on the king side.} (17... Bxe4 18. Qxe4 {would
have led to a more active form for White of the structure from Masic-Hort}) 18.
Rd3 h5 19. Re1 Bb4 20. Red1 Be7 21. Kg2 Bf6 22. f3 {Consolidating the
e4-square.} Rd7 23. Bc3 Red8 24. Bxf5 Qxf5 25. Qe4 g6 26. Qxf5 gxf5 27. d5 $5 {
As mentioned, WHite needs tactical tricks in order to get rid of the
unpleasant pressure against his central pawn.} Bxc3 28. dxc6 Rxd3 29. Rxd3 Ba5
30. cxb7 Rb8 31. Rd7 {[%cal Yc4c7]} Bb4 $8 32. Rc7 Kg7 33. c5 Bxc5 34. Rxc5
Rxb7 35. Ra5 $14 {/= 1/2-1/2 Najer,E (2495)-Chuprov,A (2410)/St Petersburg
1994/CBM 041 (50)}) 10... h5 $1 {Black takes full advantage of the fact that
he has postponed castles.} (10... O-O 11. c5 Be7 12. Nd2 Bxd3 13. exd3 {
would have allowed White build up his queen side attack undisturbed since the
generally desirable} e5 $2 {fails to} 14. Re1 $16) 11. c5 Be7 12. b4 h4 13. Nd2
Ng4 14. h3 $6 {White plays with fire.} (14. Nf3 $5) 14... hxg3 $2 {After this
move White will have no problems repelling the attack.} (14... Ngf6 $1 {
would have been better, practically forcing} 15. g4 {However, Black disposes
over a sacrificial continuation of the attack:} Bxg4 $1 ({Now, the positional
approach} 15... Bxd3 16. exd3 Qf4 {would fail to} 17. Qe2 (17. Nb3) (17. Nf3
Nxg4 $5 18. Bc1 Qf5 19. hxg4 Qxg4 20. Ng5 Qxd4 $13) 17... Nh7 18. Nf3 $14 {
when White is in complete control of the position.}) 16. hxg4 Nxg4 17. f4 (17.
Nf3 $2 h3 18. Bh1 Ne3 $1 {/\h2} 19. fxe3 Qg3+ 20. Bg2 Qxg2#) (17. Ne5 Ndxe5 18.
dxe5 h3 $36 {[%cal Yh8h6,Yh6g6] /\Rh6-g6}) 17... Ne3 18. Qe1 (18. Qb3 h3 19.
Bf3 g5 $40) 18... h3 19. Bf3 Bh4 20. Qc1 g5 $40) 15. hxg4 gxf2+ 16. Rxf2 Qh2+
17. Kf1 Bxg4 18. Nf3 Bxf3 $6 (18... Qg3 $5) 19. Bxf3 Qh3+ (19... Qg3 20. e3 {
[%cal Rf1e2]}) 20. Bg2 Qg3 21. Rf3 Qh2 22. Nf2 Rh5 23. Bc1 $16 {Black cannot
justify his sacrifice. White went on to win without any major problems.} Bg5
24. Rh3 Rxh3 25. Nxh3 Bxc1 26. Qxc1 e5 27. Qg5 exd4 28. Qxg7 Qe5 29. Qxe5+ Nxe5
30. Rd1 a5 31. b5 Nd7 32. Nf4 Nxc5 33. bxc6 bxc6 34. Rc1 Ne6 35. Nxe6 fxe6 36.
Rxc6 Kd7 37. Rb6 Rc8 38. Bh3 Rc1+ 39. Kf2 Rc2 40. Rxe6 Kc7 41. Bf5 Rxa2 42. Bd3
Ra1 43. Kf3 Rf1+ 44. Kg4 a4 45. Ra6 a3 46. Rxa3 Kd6 47. Ra8 Ke6 48. Bf5+ Kd6
49. Ra6+ Ke7 50. Re6+ Kd7 51. Kg5 Rf2 52. Bg4 Rg2 53. Re4+ Kd6 54. Rxd4 Ke5 55.
Rd3 d4 56. Kh4 Rg1 57. Kh3 Ke4 58. Bf3+ Ke5 59. Kh2 Rg7 60. Bg2 Rg8 61. Kg1 Rf8
62. Bf3 Rf6 63. Kf2 Ra6 64. Rb3 Ra1 65. Rb5+ Kf4 66. Rb8 Rd1 67. Re8 Kg5 68.
Be4 1-0

[Event "EU-chT (Men) 15th"]
[Site "Gothenburg"]
[Date "2005.08.01"]
[Round "3.1"]
[White "Stefansson, Hannes"]
[Black "Kortschnoj, Viktor Lvovich"]
[Result "0-1"]
[WhiteElo "2579"]
[BlackElo "2615"]
[PlyCount "108"]
[EventDate "2005.07.30"]
[EventType "team-swiss"]
[EventRounds "9"]
[EventCountry "SWE"]
[SourceTitle "CBM 109"]
[Source "ChessBase"]
[SourceDate "2005.11.14"]
[SourceVersion "1"]
[SourceVersionDate "2005.11.14"]
[SourceQuality "1"]
[WhiteTeam "Iceland"]
[BlackTeam "Switzerland"]
[WhiteTeamCountry "ISL"]
[BlackTeamCountry "SUI"]

1. e4 e6 2. d4 d5 3. Nc3 Nf6 4. Bg5 Be7 5. e5 Nfd7 6. Bxe7 Qxe7 7. f4 Nb6 8.
Nf3 Bd7 9. Qd2 a6 10. h4 Nc6 11. h5 h6 12. Nd1 Na7 13. Ne3 Bb5 14. O-O-O c5 15.
f5 Bxf1 16. Rdxf1 Nc6 17. c3 O-O-O 18. Nh4 cxd4 19. cxd4 Nc4 20. Nxc4 dxc4 21.
fxe6 Qxe6 22. Nf3 Rd7 23. Rh4 Rhd8 24. Rd1 Kb8 25. Qc3 Ne7 26. Ne1 Nd5 27. Qh3
Qxh3 28. Rxh3 Nf4 29. Re3 Rxd4 30. Rxd4 Rxd4 31. Nf3 Nxg2 32. Re2 Rg4 33. Kd2
Nf4 34. Re4 Rg2+ 35. Kc3 Nxh5 36. Nd4 Ng3 37. Rf4 Ne2+ 38. Nxe2 Rxe2 39. Rxf7
g5 40. Rh7 Rxe5 41. Rxh6 g4 42. Kxc4 Rg5 43. Rh2 g3 44. Rg2 Kc7 45. Kd4 Kb6 46.
Ke3 Kc5 47. Kf3 Kb4 48. Ke2 Kc4 49. Ke3 Rg7 50. Rc2+ Kd5 51. Rd2+ Ke5 52. Rg2
Kf5 53. Kf3 a5 54. b3 b5 0-1

[Event "Warsaw AIG Life rapid"]
[Site "Warsaw"]
[Date "2005.12.17"]
[Round "4"]
[White "Nedilko, Vasily"]
[Black "Kortschnoj, Viktor Lvovich"]
[Result "0-1"]
[WhiteElo "2352"]
[BlackElo "2620"]
[PlyCount "70"]
[EventDate "2005.12.17"]
[EventType "swiss (rapid)"]
[EventRounds "13"]
[EventCountry "POL"]
[SourceTitle "CBM 110 Extra"]
[Source "ChessBase"]
[SourceDate "2006.03.10"]
[SourceVersion "2"]
[SourceVersionDate "2006.03.10"]
[SourceQuality "1"]

1. d4 Nf6 2. c4 e6 3. Nf3 b6 4. g3 Bb4+ 5. Bd2 a5 6. Bg2 Bb7 7. O-O O-O 8. Qc2
Bxd2 9. Qxd2 d6 10. Nc3 Ne4 11. Nxe4 Bxe4 12. Qe3 Bb7 13. Rfd1 Nd7 14. b3 Ra7
15. Rd2 h6 16. Rad1 Qf6 17. Qd3 Re8 18. e4 e5 19. d5 Nc5 20. Qe3 Bc8 21. Re1
Kh7 22. h4 Qg6 23. a3 f5 24. exf5 Bxf5 25. b4 axb4 26. axb4 Ne4 27. Rb2 Nf6 28.
c5 Ng4 29. Qc3 Rf8 30. cxb6 cxb6 31. Qc6 Bd3 32. Rd2 e4 33. Nd4 Nxf2 34. Rxf2
Qxg3 35. Rxf8 Qxe1+ 0-1

[Event "Warsaw AIG Life rapid"]
[Site "Warsaw"]
[Date "2005.12.17"]
[Round "5"]
[White "Kortschnoj, Viktor Lvovich"]
[Black "Manik, Mikulas"]
[Result "1-0"]
[WhiteElo "2620"]
[BlackElo "2474"]
[PlyCount "24"]
[EventDate "2005.12.17"]
[EventType "swiss (rapid)"]
[EventRounds "13"]
[EventCountry "POL"]
[SourceTitle "CBM 110 Extra"]
[Source "ChessBase"]
[SourceDate "2006.03.10"]
[SourceVersion "2"]
[SourceVersionDate "2006.03.10"]
[SourceQuality "1"]

1. b3 Nf6 2. d4 a6 3. e3 b5 4. Nc3 c6 5. Bd3 d5 6. Nf3 c5 7. O-O cxd4 8. Nxd4
Bb7 9. Rb1 e6 10. Be4 Ra7 11. Bxd5 exd5 12. Ba3 g6 1-0

[Event "Warsaw AIG Life rapid Gp3"]
[Site "Warsaw"]
[Date "2005.12.18"]
[Round "1"]
[White "Jaracz, Pawel"]
[Black "Kortschnoj, Viktor Lvovich"]
[Result "0-1"]
[WhiteElo "2492"]
[BlackElo "2620"]
[PlyCount "92"]
[EventDate "2005.12.17"]
[EventType "tourn (rapid)"]
[EventRounds "3"]
[EventCountry "POL"]
[EventCategory "12"]
[SourceTitle "CBM 110 Extra"]
[Source "ChessBase"]
[SourceDate "2006.03.10"]
[SourceVersion "2"]
[SourceVersionDate "2006.03.10"]
[SourceQuality "1"]

1. d4 Nf6 2. c4 e6 3. Nf3 Bb4+ 4. Bd2 a5 5. g3 b6 6. Bg2 Bb7 7. O-O O-O 8. Bg5
Be7 9. Qc2 c5 10. dxc5 bxc5 11. Nc3 Qb6 12. Rad1 d6 13. Rd2 Nbd7 14. Rfd1 h6
15. Bxf6 Nxf6 16. Ne1 Bxg2 17. Nxg2 Rfd8 18. Ne3 Qc6 19. a4 Ne8 20. Nb5 Nc7 21.
Rd3 Na6 22. Qb3 Nb4 23. R3d2 Rd7 24. Nc2 Rad8 25. Nc3 Bg5 26. e3 Bf6 27. Nxb4
axb4 28. Nb5 d5 29. Qc2 dxc4 30. Rxd7 Rxd7 31. Rxd7 Qxd7 32. Qxc4 Bxb2 33. a5
Qd1+ 34. Kg2 Qa4 35. Qxc5 Qxa5 36. Qc8+ Kh7 37. Qd7 Be5 38. h4 Qa8+ 39. Kg1 Qd5
40. Qxd5 exd5 41. Kf1 b3 42. Ke2 b2 43. Na3 Kg6 44. f4 Bd6 45. Nb1 Kf5 46. Kf3
h5 0-1

[Event "Gibraltar Masters"]
[Site "Gibraltar"]
[Date "2006.01.26"]
[Round "3"]
[White "Kortschnoj, Viktor Lvovich"]
[Black "Tissir, Mohamed"]
[Result "1-0"]
[WhiteElo "2608"]
[BlackElo "2444"]
[PlyCount "81"]
[EventDate "2006.01.24"]
[EventType "swiss"]
[EventRounds "10"]
[EventCountry "ENG"]
[SourceTitle "CBM 110 Extra"]
[Source "ChessBase"]
[SourceDate "2006.03.10"]
[SourceVersion "2"]
[SourceVersionDate "2006.03.10"]
[SourceQuality "1"]

1. d4 Nf6 2. c4 g6 3. Nc3 Bg7 4. e4 d6 5. Be2 O-O 6. Bg5 a6 7. Qd2 c5 8. Nf3
Nc6 9. d5 Ne5 10. Rb1 Bd7 11. O-O b5 12. cxb5 axb5 13. Bxf6 Bxf6 14. Nxb5 Qb6
15. Nc3 Rfb8 16. Rfe1 Qb4 17. Bf1 Bg7 18. h3 Nc4 19. Bxc4 Qxc4 20. e5 Bf5 21.
b3 Qa6 22. Rbc1 c4 23. exd6 exd6 24. Nd4 Bd3 25. Nc6 Re8 26. Rxe8+ Rxe8 27. b4
Qa3 28. b5 Qc5 29. a4 h5 30. a5 Bxc3 31. Qxc3 Qxb5 32. Qf6 Qxd5 33. Ne7+ Rxe7
34. Qxe7 Qxa5 35. Qxd6 Qg5 36. Re1 Bf5 37. Re8+ Kh7 38. Qd4 Qc1+ 39. Kh2 f6 40.
g4 hxg4 41. hxg4 1-0

[Event "EU-chT Seniors 08th"]
[Site "Dresden"]
[Date "2006.02.22"]
[Round "6"]
[White "Boehnisch, Manfred"]
[Black "Kortschnoj, Viktor Lvovich"]
[Result "0-1"]
[WhiteElo "2372"]
[BlackElo "2606"]
[PlyCount "58"]
[EventDate "2006.02.17"]
[EventType "team-swiss"]
[EventRounds "8"]
[EventCountry "GER"]
[SourceTitle "CBM 111 Extra"]
[Source "ChessBase"]
[SourceDate "2006.05.09"]
[SourceVersion "1"]
[SourceVersionDate "2006.05.09"]
[SourceQuality "1"]
[WhiteTeam "Leipzig Seniors"]
[BlackTeam "Switzerland"]
[WhiteTeamCountry "GER"]
[BlackTeamCountry "SUI"]

1. e4 e5 2. Nf3 Nc6 3. Nc3 Nf6 4. Bb5 Bd6 5. a4 O-O 6. d3 Re8 7. Bc4 h6 8. g4
Bb4 9. g5 d5 10. exd5 Nd4 11. h3 Nxd5 12. Bd2 Nf4 13. Bxf4 exf4+ 14. Kf1 Bxc3
15. bxc3 Nxf3 16. Qxf3 Qxg5 17. Rb1 c6 18. h4 Qf6 19. a5 Rb8 20. d4 Bf5 21. Bd3
Be6 22. Qh5 b6 23. axb6 axb6 24. f3 Rbd8 25. Be4 c5 26. Kf2 cxd4 27. Rxb6 dxc3
28. Qc5 Rd2+ 29. Ke1 Qd8 0-1

[Event "EU-chT Seniors 08th"]
[Site "Dresden"]
[Date "2006.02.24"]
[Round "8"]
[White "Kortschnoj, Viktor Lvovich"]
[Black "Rotstein, Jefim"]
[Result "1-0"]
[WhiteElo "2606"]
[BlackElo "2410"]
[PlyCount "99"]
[EventDate "2006.02.17"]
[EventType "team-swiss"]
[EventRounds "8"]
[EventCountry "GER"]
[SourceTitle "CBM 111 Extra"]
[Source "ChessBase"]
[SourceDate "2006.05.09"]
[SourceVersion "1"]
[SourceVersionDate "2006.05.09"]
[SourceQuality "1"]
[WhiteTeam "Switzerland"]
[BlackTeam "Koeln Phoenix"]
[WhiteTeamCountry "SUI"]
[BlackTeamCountry "GER"]

1. d4 f5 2. g3 Nf6 3. Bg2 e6 4. c4 d6 5. Nc3 Be7 6. Qb3 c6 7. Nf3 O-O 8. O-O
Qe8 9. Bg5 Nbd7 10. Rae1 d5 11. cxd5 exd5 12. e4 fxe4 13. Nxe4 Qf7 14. Bxf6
gxf6 15. Nc3 Bd6 16. Nh4 Nb6 17. Qd1 Bd7 18. Bf3 Qg7 19. Kh1 Nc8 20. Qb3 Kh8
21. Rg1 Rb8 22. Ne2 Ne7 23. Nf4 Ng6 24. Nhxg6+ hxg6 25. Ne6 Bxe6 26. Rxe6 Qc7
27. Rge1 Kg7 28. Bd1 Rbd8 29. Bc2 Qf7 30. Kg2 Be5 31. R1xe5 fxe5 32. Rxg6+ Kh8
33. Rh6+ Kg8 34. Rg6+ Kh8 35. Qe3 e4 36. Rh6+ Kg8 37. Qg5+ Qg7 38. Rg6 Rd7 39.
Rxg7+ Rxg7 40. Qd2 Rgf7 41. Bd1 Rf6 42. b4 Kh7 43. h4 R8f7 44. g4 a6 45. Kg3
Rf8 46. g5 R6f7 47. Bh5 Rf5 48. Qe3 Kg7 49. f3 exf3 50. Qe7+ 1-0

[Event "Pulvermuehle 6th"]
[Site "Pulvermuehle"]
[Date "2006.02.25"]
[Round "1"]
[White "Kortschnoj, Viktor Lvovich"]
[Black "Lagno, Kateryna"]
[Result "1-0"]
[WhiteElo "2608"]
[BlackElo "2500"]
[PlyCount "97"]
[EventDate "2006.02.25"]
[EventType "tourn"]
[EventRounds "9"]
[EventCountry "GER"]
[EventCategory "12"]
[SourceTitle "CBM 112"]
[Source "ChessBase"]
[SourceDate "2006.06.07"]
[SourceVersion "1"]
[SourceVersionDate "2006.06.07"]
[SourceQuality "1"]

1. c4 Nf6 2. Nc3 e6 3. Nf3 d5 4. d4 dxc4 5. Qa4+ c6 6. Qxc4 b5 7. Qd3 Nbd7 8.
e4 b4 9. Na4 Nb6 10. Qc2 Nxa4 11. Qxa4 Bd7 12. Bg5 Qb6 13. Bxf6 gxf6 14. O-O-O
O-O-O 15. Qc2 Kb8 16. Bc4 Bc8 17. Kb1 Bb7 18. Qc1 Bg7 19. Rhe1 Rd7 20. Qf4+ Qc7
21. Qg4 Rg8 22. Bb3 Qd8 23. d5 cxd5 24. exd5 Bxd5 25. Bxd5 Rxd5 26. Qxb4+ Ka8
27. Qe4 f5 28. Rxd5 fxe4 29. Rxd8+ Rxd8 30. Rxe4 Rd1+ 31. Kc2 Rf1 32. Re2 h6
33. Kd3 Kb7 34. Rc2 Rd1+ 35. Ke2 Ra1 36. b3 Kb6 37. Nd2 Kb5 38. Nc4 Bf8 39. Ne5
f5 40. Nc6 Bc5 41. Nd8 Bb6 42. Nxe6 Kb4 43. f4 Ka3 44. Kd3 Rxa2 45. Rxa2+ Kxa2
46. Kc4 Be3 47. g3 Bg1 48. h3 h5 49. Ng7 1-0

[Event "SUI-chT"]
[Site "Switzerland"]
[Date "2006.03.26"]
[Round "2.2"]
[White "Kortschnoj, Viktor Lvovich"]
[Black "Lehtivaara, Petri"]
[Result "1-0"]
[WhiteElo "2596"]
[BlackElo "2380"]
[PlyCount "69"]
[EventDate "2006.02.26"]
[EventType "team-tourn"]
[EventRounds "9"]
[EventCountry "SUI"]
[SourceTitle "CBM 111 Extra"]
[Source "ChessBase"]
[SourceDate "2006.05.09"]
[SourceVersion "1"]
[SourceVersionDate "2006.05.09"]
[SourceQuality "1"]
[WhiteTeam "Zuerich"]
[BlackTeam "Lausanne"]
[WhiteTeamCountry "SUI"]
[BlackTeamCountry "SUI"]

1. d4 e6 2. e4 d5 3. Nc3 Bb4 4. e5 Ne7 5. a3 Bxc3+ 6. bxc3 c5 7. Nf3 Qa5 8. Bd2
Nbc6 9. a4 Bd7 10. Qc1 f6 11. exf6 gxf6 12. Qa3 cxd4 13. cxd4 Qc7 14. Bb5 Nf5
15. Qb2 Rg8 16. O-O O-O-O 17. Ra3 Rg4 18. h3 Rg7 19. Kh1 h5 20. Rb1 Rdg8 21.
Bf1 Nd8 22. a5 Bc6 23. Bb4 Nd6 24. Bxd6 Qxd6 25. Rb3 Rc7 26. Ne1 e5 27. Nd3 e4
28. Nc5 h4 29. a6 b6 30. Rxb6 axb6 31. Qxb6 Qxc5 32. dxc5 Kd7 33. a7 Ne6 34.
Qb8 Rgc8 35. Bb5 1-0

[Event "SUI-chT"]
[Site "Switzerland"]
[Date "2006.09.02"]
[Round "6.2"]
[White "Kortschnoj, Viktor Lvovich"]
[Black "Hochstrasser, Michael"]
[Result "1-0"]
[WhiteElo "2596"]
[BlackElo "2353"]
[PlyCount "47"]
[EventDate "2006.02.26"]
[EventType "team-tourn"]
[EventRounds "9"]
[EventCountry "SUI"]
[SourceTitle "EXT 2007"]
[Source "ChessBase"]
[SourceDate "2006.11.23"]
[SourceVersion "1"]
[SourceVersionDate "2006.11.23"]
[SourceQuality "1"]
[WhiteTeam "Zuerich"]
[BlackTeam "Wollishofen"]
[WhiteTeamCountry "SUI"]
[BlackTeamCountry "SUI"]

1. d4 d5 2. c4 c6 3. Nc3 Nf6 4. e3 Bg4 5. f3 Bf5 6. g4 Bc8 7. g5 Nfd7 8. f4 e6
9. Nf3 Be7 10. h4 dxc4 11. Bxc4 Nb6 12. Bd3 c5 13. dxc5 N6d7 14. b4 a5 15. Bb2
Nc6 16. Ne4 e5 17. fxe5 Nxb4 18. e6 Nxc5 19. Bb5+ Nc6 20. Bxc6+ bxc6 21. exf7+
Kxf7 22. Ne5+ Ke8 23. Qxd8+ Kxd8 24. Nxc5 1-0

[Event "SUI-chT"]
[Site "Switzerland"]
[Date "2006.09.03"]
[Round "7.2"]
[White "Forster, Richard"]
[Black "Kortschnoj, Viktor Lvovich"]
[Result "0-1"]
[WhiteElo "2514"]
[BlackElo "2596"]
[PlyCount "102"]
[EventDate "2006.02.26"]
[EventType "team-tourn"]
[EventRounds "9"]
[EventCountry "SUI"]
[SourceTitle "EXT 2007"]
[Source "ChessBase"]
[SourceDate "2006.11.23"]
[SourceVersion "1"]
[SourceVersionDate "2006.11.23"]
[SourceQuality "1"]
[WhiteTeam "Winterthur"]
[BlackTeam "Zuerich"]
[WhiteTeamCountry "SUI"]
[BlackTeamCountry "SUI"]

1. e4 c5 2. Nf3 e6 3. Nc3 Nc6 4. Be2 Nf6 5. d4 cxd4 6. Nxd4 d6 7. Be3 Be7 8.
Qd2 e5 9. Nf5 Bxf5 10. exf5 d5 11. Bg5 d4 12. Bxf6 dxc3 13. Qxd8+ Rxd8 14. Bxg7
cxb2 15. Rb1 Rg8 16. f6 Bb4+ 17. Kf1 Bc3 18. h4 Rd2 19. Bh6 Rxe2 20. Kxe2 Rxg2
21. Rh3 Bd4 22. Be3 Rg6 23. Bxd4 Nxd4+ 24. Ke3 Rxf6 25. Rxb2 b6 26. c3 Nc6 27.
Rb1 Rf4 28. Rg1 Ne7 29. h5 Nd5+ 30. Ke2 Ra4 31. Rf3 Rxa2+ 32. Kd3 Ke7 33. Rg7
Nf6 34. Kc4 Ke6 35. Kb3 Ra1 36. Re3 h6 37. Rgg3 Rb1+ 38. Kc2 Rf1 39. Rgf3 Nxh5
40. Re2 f6 41. Re4 f5 42. Ra4 a5 43. Rc4 Kf6 44. Rc6+ Kg5 45. Rxb6 e4 46. Rh3
Rxf2+ 47. Kd1 Nf4 48. Rg3+ Kh4 49. Rg1 h5 50. Rd6 Ra2 51. Rg8 e3 0-1